000 00397nam a2200145 4500
001 110970
003 ES-MaACL
007 t|
008 061121s1925 xxk r ||||1| eng d
100 1 _aOgg, David.
_986569
245 1 0 _aEurope in the seventeenth century /
_cDavid Ogg.
260 _aLondon :
_bR. Clark Limited,
_c1925.
300 _aX, 579 p. ;
_c23 cm.
852 _aES-MaACL
_jB-3478
_bR.5038
999 _c110970
_d110970